| Tag |
First Indicator |
Second Indicator |
Subfields |
| LEADER |
00000cam a22000001a 4500 |
| 001 |
in00003654621 |
| 005 |
20190408172623.0 |
| 006 |
m o d f |
| 007 |
cr bn mmmapmmp |
| 008 |
141210m18511852dcu o f000 0 eng d |
| 035 |
|
|
|a ebd1909503817
|
| 040 |
|
|
|a UMI
|c UMI
|d UtOrBLW
|
| 086 |
0 |
|
|a N 14.5:851/852
|
| 099 |
|
|
|a N1405-6
|
| 110 |
2 |
|
|a United States Naval Observatory.
|0 http://id.loc.gov/authorities/names/n78095580
|
| 245 |
1 |
0 |
|a Astronomical observations made at U.S. Naval Observatory, during years 1851 and 1852.
|
| 264 |
|
1 |
|a [Washington] :
|b [publisher not identified],
|c 1851-1852.
|
| 300 |
|
|
|a 1 online resource (xxviii+ 652 pages)
|
| 336 |
|
|
|a text
|b txt
|2 rdacontent
|
| 337 |
|
|
|a computer
|b c
|2 rdamedia
|
| 338 |
|
|
|a online resource
|b cr
|2 rdacarrier
|
| 500 |
|
|
|a Series of annual reports presenting detailed observations of Naval Observatory, and descriptions of astronomical instruments and methods. Beginning in 1861, reports also include data on D.C. barometric pressure, wind, temperature, and precipitation. From 1861 through 1875, reports also include a listing of publications presented to Observatory library.
|
| 533 |
|
|
|a Electronic reproduction.
|b [Bethesda, Md.] :
|c ProQuest,
|d 2014.
|e digital, PDF file.
|n ProQuest U.S. Executive Branch Documents
|n Mode of access: World Wide Web via ProQuest website.
|
| 588 |
|
|
|a Record is based on online resource; title from PDF title page (ProQuest, last viewed Dec. 2014). Reuse except for individual research requires license from ProQuest, LLC.
|
| 500 |
|
|
|a Electronic resource.
|
| 650 |
|
0 |
|a Navies
|x Officers.
|0 http://id.loc.gov/authorities/subjects/sh85090423
|
| 655 |
|
7 |
|a Electronic books.
|2 local
|
| 856 |
4 |
0 |
|u http://proxy.library.tamu.edu/login?url=http://congressional.proquest.com/congressional/docview/t66.d71.n1405-6
|z Connect to the full text of this electronic document
|t 0
|
| 999 |
f |
f |
|s adc3c712-cb30-36bc-b765-f5f5df8ec1f4
|i b734385e-a49e-381b-9cc5-6e01820eacdf
|t 0
|
| 952 |
f |
f |
|a Texas A&M University
|b College Station
|c Electronic Resources
|d Available Online
|t 0
|h No information provided
|
| 998 |
f |
f |
|t 0
|l Available Online
|